00886nam a2200229Ia 4500003000900000005001700009008004100026040001300067040001300080100002700093245002900120250001200149260003000161300001000191490000600201500006700207700004100274942001200315999001500327952021300342952010100555IT-RoPAU20220918175408.0120407s9999 xx 000 0 und d aIT-RoPAU cIT-RoPAU aRomano Guardini934091 aIl rosario della Madonna aBrescia aMorcellianab3a ed.c1953 c19 cm v1 aNatura e significato del Rosario Breve esposizione dei misteri aRusconi Bice JahneTraduzione934092 cBK2ddc c8667d8667 00102ddc40605_000000000000000_SPALLA__CG71aPAULUSbPAULUSd2012-04-11l0o05 spalla - CG.r2012-04-11 00:00:00w2012-04-11yBKzInserito da: Valentino In data: n.d. fondo: Fanella - Valentino Progr:14245 00102ddc4071aPAULUSbPAULUSd2015-02-05l0r2015-02-05 00:00:00w2015-02-05yBKzFondo Sassi